Agriculture Surplus Control. Letter from the Secretary of Agriculture Submitting a Report on S. 4602, a Bill to Establish a Federal Farm Board to Aid in the Orderly Marketing, and in the Control and Disposition of the Surplus, of Agricultural Commodities in Interstate and Foreign Commerce.

Bibliographic Details
Corporate Authors: United States. Congress. Senate. Committee on Agriculture and Forestry, ProQuest (Firm)
Format: eBook
Language:English
Published: [Place of publication not identified] : [publisher not identified], 1928-1929.
Series:U.S. Congressional Research.
Subjects:
Online Access:Connect to the full text of this electronic book

MARC

Tag First Indicator Second Indicator Subfields
LEADER 00000cam a22000001a 4500
001 in00003317455
006 m d f
007 cr bn mmmapmmp
008 100410m19281929dcu o f000 0 eng d
005 20260430150009.6
035 |a cis2007825306 
040 |a LexisNexis  |c LexisNexis  |d UtOrBLW 
043 |a n-us--- 
099 |a CMP-1928-AFS-0002 
110 1 |a United States.  |b Congress.  |b Senate.  |b Committee on Agriculture and Forestry. 
245 1 0 |a Agriculture Surplus Control. Letter from the Secretary of Agriculture Submitting a Report on S. 4602, a Bill to Establish a Federal Farm Board to Aid in the Orderly Marketing, and in the Control and Disposition of the Surplus, of Agricultural Commodities in Interstate and Foreign Commerce. 
264 1 |a [Place of publication not identified] :  |b [publisher not identified],  |c 1928-1929. 
300 |a 1 online resource. 
336 |a text  |b txt  |2 rdacontent 
337 |a computer  |b c  |2 rdamedia 
338 |a online resource  |b cr  |2 rdacarrier 
500 |a Record is based on bibliographic data in LexisNexis U.S. Congressional Research Digital Collection (last viewed Apr. 2010). Reuse except for individual research requires license from LexisNexis. 
500 |a Print. 
500 |a Electronic resource. 
610 1 0 |a United States.  |b Department of Agriculture. 
650 0 |a Farm produce  |x Marketing. 
650 0 |a Agriculture and state. 
655 7 |a Electronic books.  |2 local 
710 2 |a ProQuest (Firm) 
776 0 8 |i Microfiche version:   |a United States. Congress. Senate. Committee on Agriculture and Forestry  |t Agriculture Surplus Control. Letter from the Secretary of Agriculture Submitting a Report on S. 4602, a Bill to Establish a Federal Farm Board to Aid in the Orderly Marketing, and in the Control and Disposition of the Surplus, of Agricultural Commodities in Interstate and Foreign Commerce.  |o S3960 
830 0 |a U.S. Congressional Research. 
856 4 0 |u http://proxy.library.tamu.edu/login?url=https://congressional.proquest.com/congcomp/getdoc?CRDC-ID=CMP-1928-AFS-0002  |z Connect to the full text of this electronic book  |t 0 
999 |a MARS 
999 f f |s b3975704-b4dc-34c7-87dc-20c6cd7c745a  |i 4e9465ae-2938-329b-af22-f26982b1ff0a  |t 0 
952 f f |a Texas A&M University  |b College Station  |c Electronic Resources  |s www_evans  |d Available Online  |t 0  |e CMP-1928-AFS-0002  |h Other scheme 
998 f f |a CMP-1928-AFS-0002  |t 0  |l Available Online